La argumentación en materia de hechos como estrategia anticorrupción en la administración pública /
Estudio en que se analiza la argumentación jurídica de la autoridad que se encargó de de realizar una auditoría administrativa al Sistema de Agua Potable y Alcantarillado del municipio de Zitácuaro, Michoacán. El órgano detectó varias faltas administrativas graves, relacionadas al cohecho, peculado,...
保存先:
| 第一著者: | |
|---|---|
| フォーマット: | 学位論文 図書 |
| 言語: | スペイン語 |
| 出版事項: |
Guadalajara, México :
edición de autor,
2021
|
| 主題: | |
| オンライン・アクセス: | Ver documento en línea |
| タグ: |
タグなし, このレコードへの初めてのタグを付けませんか!
|
MARC
| LEADER | 00000nam^a2200000^a^4500 | ||
|---|---|---|---|
| 001 | 000590456 | ||
| 005 | 20251023000000.0 | ||
| 009 | 20260310132909.452 | ||
| 037 | |a Acervo ITESO - Biblioteca | ||
| 041 | |a ESP | ||
| 090 | |a EIP. 5 | ||
| 100 | |a Anguiano Jaimes, Héctor Alejandro |e (autor) | ||
| 245 | 1 | 3 | |a La argumentación en materia de hechos como estrategia anticorrupción en la administración pública / |c H.A. Anguiano Jaimes. |
| 264 | 1 | |a Guadalajara, México : |b edición de autor, |c 2021 | |
| 300 | |a 1 tesis electrónica en línea (41 p.) | ||
| 300 | |a 1 recurso en línea | ||
| 336 | |a datos para computadora |b cod |2 rdacontenido | ||
| 337 | |a computadora |b c |2 rdamedio | ||
| 338 | |a recurso en línea |b cr |2 rdasoporte | ||
| 502 | |a ITESO Tesis de Especialidad en Integridad Pública y Estrategias Anticorrupción | ||
| 520 | |a Estudio en que se analiza la argumentación jurídica de la autoridad que se encargó de de realizar una auditoría administrativa al Sistema de Agua Potable y Alcantarillado del municipio de Zitácuaro, Michoacán. El órgano detectó varias faltas administrativas graves, relacionadas al cohecho, peculado, desvío de recursos y abuso de autoridad. Sin embargo, al turnar el expediente al Tribunal de Justicia Administrativa del Estado de Michoacán, éste señaló la inexistencia de faltas administrativas. El estudio analiza el caso para reconocer cuáles son las metodologías y el nivel argumentativo suficiente para lograr de manera eficaz la acreditación de los hechos de corrupción, todo esto en el marco de los fundamentos del Sistema Nacional Anticorrupción. | ||
| 649 | |a XX | ||
| 650 | |a Sistema de Agua Potable - |z Zitácuaro, Michoacán - |x Aspectos Jurídicos - |x Tema Principal | ||
| 650 | |a Sistema de Agua Potable - |z Michoacán - |x Aspectos Jurídicos | ||
| 650 | |a Sistema de Agua Potable - |z México - |x Aspectos Jurídicos | ||
| 650 | |a Malversación de Recursos - |z Zitácuaro, Michoacán | ||
| 650 | |a Malversación de Recursos - |z Michoacán | ||
| 650 | |a Malversación de Recursos - |z México | ||
| 650 | |a Cohecho - |z Zitácuaro, Michoacán | ||
| 650 | |a Cohecho - |z Michoacán | ||
| 650 | |a Cohecho - |z México | ||
| 650 | |a Corrupción - |z Zitácuaro, Michoacán - |x Tema Principal | ||
| 650 | |a Corrupción - |z Michoacán | ||
| 650 | |a Corrupción - |z México | ||
| 650 | |a Auditoría Administrativa - |z Zitácuaro, Michoacán - |x Tema Principal | ||
| 650 | |a Auditoría Administrativa - |z Michoacán | ||
| 650 | |a Auditoría Administrativa - |z México | ||
| 650 | |a Argumentación Jurídica | ||
| 650 | |a Administración Pública - |z Zitácuaro, Michoacán | ||
| 650 | |a Administración Pública - |z Michoacán | ||
| 650 | |a Administración Pública - |z México | ||
| 650 | |a Derecho Administrativo - |z Zitácuaro, Michoacán | ||
| 650 | |a Derecho Administrativo - |z Michoacán | ||
| 650 | |a Derecho Administrativo - |z México | ||
| 650 | |a Derecho Público - |z Zitácuaro, Michoacán | ||
| 650 | |a Derecho Público - |z Michoacán | ||
| 650 | |a Derecho Público - |z México | ||
| 650 | |a Derecho - |z Zitácuaro, Michoacán | ||
| 650 | |a Derecho - |z Michoacán | ||
| 650 | |a Derecho - |z México | ||
| 856 | 4 | 0 | |u https://rei.iteso.mx/handle/11117/7798 |y Ver documento en línea |
| 910 | |a Fondo General | ||
| 920 | |a Electrónicos - Tesis del ITESO en Línea | ||
| 930 | |a Repositorio Institucional | ||
| 905 | |a 201 | ||
| 901 | |a 590456-1 |b IT2 |c ETI |u 20250521 | ||
| 902 | |a https://opac.biblio.iteso.mx/vufind/Record/000590456 | ||